| 000 | 00763nam a22002177a 4500 | ||
|---|---|---|---|
| 003 | LK-CoMWRAF | ||
| 005 | 20231010093235.0 | ||
| 008 | 231010b |||||||| |||| 00| 0 eng d | ||
| 040 |
_aLK-CoMWRAF _dLK-CoMWRAF _eLK-CoMWRAF |
||
| 041 | _aeng | ||
| 082 |
_a341.733 _bARP |
||
| 100 | _aArputharaj, Williams James | ||
| 245 |
_aSmall arms proliferation : a big problem : _ba study of legislations in South Asia and the UN program of action |
||
| 260 |
_aColombo: _bSouth Asia Partnership International, _c2003 |
||
| 300 |
_av, 208 p. ; 27 cm _bBibliography included |
||
| 650 | _aARMS CONTROL-South Asia | ||
| 650 | _aArms control -Law and legislation -South Asia | ||
| 700 | _aHemmathagama, Chamila Thushani | ||
| 700 | _aNanayakkara, Saradha | ||
| 942 | _cBK | ||
| 999 |
_c3821 _d3821 |
||